Movies Quiz

Random Movies or Animal Quiz

When Animals Attack! (slideshow) Quiz Stats

Quiz not verified by Sporcle

Also try: Actors by Role II
Challenge
Share
Tweet
Score 0/26 Timer 07:00
0 Plays Today
% Correct
Snakes on a Plane
93%
King Kong
92.9%
Jurassic Park
92.6%
Jaws
91.6%
Life of Pi
88.8%
Godzilla
88.4%
The Birds
84.3%
Anaconda
82.9%
Piranha 3D
68.2%
Rise of the Planet of the Apes
68.1%
Monty Python and the Holy Grail
66.3%
Cujo
63.1%
Deep Blue Sea
55.4%
% Correct
20000 Leagues Under the Sea
48.7%
Arachnophobia
41.1%
The Grey
40.9%
Tremors
40.4%
Eight Legged Freaks
37.9%
Watership Down
37.8%
Congo
29.7%
Them!
27.2%
Pet Sematary
24.3%
The Edge
22%
The Swarm
16%
It Came from Beneath the Sea
7.8%
Rogue
6%

You're not logged in!

Compare scores with friends on all Sporcle quizzes.
Sign Up with Email
OR
Log In

You Might Also Like...

Show Comments

Extras

Top Quizzes Today


Score Distribution

Your Account Isn't Verified!

In order to create a playlist on Sporcle, you need to verify the email address you used during registration. Go to your Sporcle Settings to finish the process.